Medical microbiology

Saved in:
Bibliographic Details
Main Author: BROOKS, Geo F.
Format: Book
Language:English
Published: McGraw-Hill 2013
Tags: Add Tag
No Tags, Be the first to tag this record!

MARC

LEADER 00000nam a22000007a 4500
008 210422b ||||| |||| 00| 0 eng d
020 |a  0-395-34637-1 
100 |a BROOKS, Geo F. 
245 |a Medical microbiology  |c Geo F. Brooks …et al 
250 |b 26th ed. 
260 |b McGraw-Hill  |c  2013  |h New York  |i 680035  |i 680036  |i 680131   |i 680132  |l QR46 .B79  |m Medical microbiology.  |m Microbiology 
942 |a lcc  |c BK  |e ADEKANYE, I. H.  |f 22/04/2021 
952 |0 0  |1 0  |2 lcc  |4 0  |6 QR0046 B79  |7 0  |9 2281  |a HOL  |b HOL  |c QZ  |d 2021-04-22  |l 0  |o QR46 .B79  |p 2021-6135  |r 2021-04-22 00:00:00  |w 2021-04-22  |y BK 
952 |0 0  |1 0  |2 lcc  |4 0  |6 QR0046 B79  |7 0  |9 2282  |a HOL  |b HOL  |c QZ  |d 2021-04-22  |l 0  |o QR46 .B79  |p 2021-6136  |r 2021-04-22 00:00:00  |w 2021-04-22  |y BK 
952 |0 0  |1 0  |2 lcc  |4 0  |6 QR0046 B79  |7 0  |9 2283  |a HOL  |b ML  |c QZ  |d 2021-04-22  |l 0  |o QR46 .B79  |p 2021-6137  |r 2021-04-22 00:00:00  |w 2021-04-22  |y BK 
952 |0 0  |1 0  |2 lcc  |4 0  |6 QR0046 B79  |7 0  |9 2284  |a HOL  |b HOL  |c QZ  |d 2021-04-22  |l 0  |o QR46 .B79  |p 2021-6138  |r 2021-04-22 00:00:00  |w 2021-04-22  |y BK 
999 |c 1174  |d 1174